000 00760nam1a22002171i 4500
001 v19\rc\1310780
005 20241225200501.0
035 _a(NLR Aleph) 004467571
090 _a4546988
_c4546988
100 _a20060512g19011901|||y0rusy50 ca
101 0 _arus
102 _aRU
105 _ay z |||c|
200 1 _aИндийская пограничная война 1897 года
_eОчерк 1
210 _aУмань
_cтип. Я.Х. Рубина п. у. И.Н. Гурвица
_d1901-1901
215 _d22
532 1 1 _aИндийская пограничная война тысяча восемьсот девяносто седьмого года
801 0 _aRU
_bNLR
_gpsbo
801 1 _aRU
_bProSoft-M
_2rusmarc
852 _aNLR
_j20.109.6.25
942 _cBOOK